000 00427nam a2200157 i 4500
001 42081
003 ES-MaACL
005 20230906160538.0
007 t|
008 030312s1973 sp ||||1| spa d
100 1 _aCastañón, Luciano.
_936445
245 1 4 _aLos huidos /
_cLuciano Castañón.
260 _aBilbao :
_bLa Gran Enciclopedia Vasca,
_c1973.
300 _a321 p. ;
_c23 cm.
852 _aES-MaACL
_jC-53974
_bR.87011
999 _c42081
_d42081